000 04829nam a2200565 a 4500
001 BRCA_8447
003 FranzMayer
005 20220809124854.0
008 291015s2010----po-ab#####---#000-0#por-#
020 _a9789726362005
040 _cMFM
041 _apor
041 _aspa
044 _apo
050 4 _aGA401
_b.M37 2010
245 1 0 _aMapas de metade do mundo.
_bA cartografia e a construção territorial dos espaços americanos : séculos XVI a XIX = Mapas de la mitad del mundo. La cartografía y la construcción territorial de los espacios americanos : siglos XVI al XIX
_cFrancisco Roque de Oliveira, Héctor Mendoza Vargas, coord.
260 _aLisboa, Portugal
_bCentro de Estudios Geográficos, Universidade de Lisboa ;
_aMéxico, D.F. :
_bInstituto de Geografía, Universidad Nacional Autónoma de México
_c2010
300 _a463 p.
_bil., mapas, imágenes fotográficas b/n ;
_c22 cm.
500 _aUbicación de CONT9948: L60-N1
504 _aIncluye referencias bibliográficas
505 _tMapas de metade do mundo / Mapas de la mitad del mundo
_rFrancisco Roque de Oliveira; Héctor Mendoza Vargas
505 _tLos mapas de México: situación actual y análisis de las trayectorias /
_rRaquel Urroz, Héctor Mendoza Vargas
505 _tEl mapa de la Nueva Galicia (1579) de Abraham Ortelius, sus fuentes y su génesis /
_rThomas Hillerkuss, Elizabeth del Carmen Flores Olague
505 _tMapa, texto e contexto num império em movimento. Exercício de interpretação epistemológica da Brasiliae Geographica Tabula Nova de Georg Marcgraf (1643-1647) /
_rBeatriz Piccolotto Siqueira Bueno
505 _tJaime Cortesão, cartólogo no Brasil. Génese e conteúdo dos cursos de História da Cartografia e da Formação Territorial Brasileira leccionados no Itamaraty (1944-1950) /
_rFrancisco Roque de Oliveira
505 _tTrasposiciones del paisaje del lugar de proveniencia mítica en la geografía de los pueblos indígenas de México /
_rÁngel Julián García Zambrano
505 _tPintura de Atlatlahuca, 1588: un análisis espacial /
_rAna Elsa Chávez Peón Herrero, Gustavo Garza Merodio, Federico Fernández Christlieb
505 _tMapeando conflitos: poderes locais, hierarquia urbana e organização político-territorial nas Minas setecentistas /
_rCláudia Damasceno Fonseca
505 _tDesenhar cidades no papel e no terreno: cartografia e urbanismo na Amazónia e Mato Grosso no século XVIII /
_rRenata Malcher de Araujo
505 _tCartografía y escritura cartográfica. Los diferentes Perú de la Geografía y Descripción Universal de las Indias de Juan López de Velasco /
_rAlejandra Vega Palma
505 _tMiguel Constanzó y el conocimiento y la representación de California (1767-1770) /
_rJosé Omar Moncada Maya
505 _tNoticias locales para representaciones nacionales: mapas y planos de las "Noticias Estadísticas" de principio de siglo XIX (1836). El caso de la Huasteca potosina /
_rRicardo A. Fagoaga Hernández
505 _tO conhecimento da área de fronteira entre Mato Grosso e a América Espanhola no século XVIII: a procura de informações geográficas e cartográficas por portugueses e castelhanos /
_rMário Clemente Ferreira
505 _tUsos geopolíticos da memória toponímica na formação do Estado brasileiro (1750-1850) /
_rÍris Kantor
505 _tPaisajes toponímicos. La potencia visual de los topónimos y el imaginario geográfico sobre la Patagonia en la segunda mitad del siglo XIX /
_rCarla Lois
505 _tO Atlas geográfico escolar de Candido Mendes de Almeida e o ensino de geografia no Brasil Imperial /
_rValéria Trevizani Burla de Aguiar
505 _tA introdução da projecção de Mercator na cartografia náutica portuguesa /
_rAntónio José Duarte Costa Canas
505 _tDe São Lázaro às Filipinas: imagens de um arquipélago na cartografia náutica ibérica do século XVI /
_rMiguel Rodrigues Lourenço
505 _tFrancisco de la Bodega y Cuadra y los mapas de Acapulco, Paita y Callao (1777-1778) /
_rGuadalupe Pinzón Ríos
505 _tExploraciones náuticas en la costa del Pacífico mexicano. Cartas y derroteros de la segunda mitad del siglo XIX /
_rKarina Busto Ibarra
546 _aTexto en : portugués y español
650 1 4 _aCartografía
_xHistoria
_zAmérica
_921152
651 4 _aAmérica
_vMapas
_xDescubrimiento y exploración
_921153
651 4 _aAmérica
_vMapas
_yObras anteriores a 1800
_921154
651 4 _aAmérica
_xGeografía histórica
_921155
700 1 _aRoque de Oliveira, Francisco
_ecoord.
_921156
700 1 _aMendoza Vargas, Héctor
_ecoord.
_97035
740 0 _aMapas de la mitad del mundo. La cartografía y la construcción territorial de los espacios americanos : siglos XVI al XIX
942 _2lcc
_cB
999 _c8114
_d8114